|
|
|
|
| LEADER |
01062pam a22003378a 4500 |
| 001 |
00034691 |
| 005 |
20171026081025.0 |
| 008 |
161018s2009 ||||||Viesd |
| 020 |
# |
# |
|c 20000
|
| 041 |
0 |
# |
|a Vie
|
| 082 |
1 |
4 |
|a 006.7
|b TH552H
|
| 100 |
1 |
# |
|a Thạc, Bình Cường
|
| 245 |
1 |
0 |
|a Thực hành sử dụng Dreamweaver cho thiết kế website
|c Thạc Bình Cường;Vũ Thị Hậu
|
| 250 |
# |
# |
|a Tái bản lần thứ 1
|
| 260 |
# |
# |
|a Hà Nội
|b Giáo dục
|c 2009
|
| 300 |
# |
# |
|a 159 tr.
|c 24 cm.
|
| 653 |
# |
# |
|a Dreamweaver
|
| 653 |
# |
# |
|a Thiết kế web
|
| 653 |
# |
# |
|a Tin học
|
| 653 |
# |
# |
|a Thủ Thuật
|
| 700 |
1 |
# |
|a Vũ, Thị Hậu
|
| 852 |
# |
# |
|b Kho mượn
|j KM.0019141, KM.0019142, KM.0019143, KM.0019144
|
| 852 |
# |
# |
|j KM.0019141
|j KM.0019142
|j KM.0019143
|j KD.0018611
|j KM.0019144
|
| 852 |
# |
# |
|b Kho đọc
|j KD.0018611
|
| 910 |
|
|
|d 18/10/2016
|
| 980 |
# |
# |
|a Trung tâm Học liệu Lê Vũ Hùng, Trường Đại học Đồng Tháp
|